1727 1342 1428 1065 1139 1493 1900 1090 1683 1329 1017 1009 1324 1807 1665 1483 1511 1546 1994 1877 1185 1510 1293 1129 1308 1591 1282 1241 1156 1084 1011 1213 1393 1461 1370 1518 1709 1640 1629 1978 1228 1262 1169 1118 1551 1146 1771 1086 1118 1549 1886 1044 1096 1597 1454 1662 1142 1192 1428 1637 1513 1542 1143 1447 1175 1751 1064 1657 1480 1885 1828 1615 1471 1281 1118 1878 1701 1916 1047 1106 1360 1285 1652 1585 1195 1065 1016 1993 1488 1385 1190 1239 1682 1736 1518 1953 1699 1303 1179 BCNSPRNW ULIB Ver.6.0+V

เปลี่ยนเป็นภาษาไทย

Change to English
 แสดงรายละเอียดบรรณานุกรม
  กลับหน้าหลัก

Brief Record : Get Marc (ISO 2709) : E-mail record : QR code < ปิดหน้าต่าง
LEADER : 00000nam 2200000uu 4500
001    13399110804
003     ULIB
008    110225s2551||||th 000 0 tha d
020    9789747152777
060  4 WS113^bจ628ก
100 0  จุฑามาศ ไรท์
245 00 กระเตงลูกอ่อนตะลอนโลกกว้าง/^cจุฑามาศ ไรท์
260    กรุงเทพฯ:^bรักลูกบุ๊คส์,^c2551
300    193 หน้า:^bภาพประกอบสีบางภาพ
650  7 ท่องเที่ยว
650  7 เด็ก
945    ^p179^l0^i024848
945    ^p179^l0^i024849
995    ทศพร
999 ^a ใช้งานได้ทุกระบบ
รายการนี้ยังไม่มีแท็ก
คุณยังไม่ได้ล็อกอิน คุณสามารถมีกิจกรรมร่วมกับเว็บไซต์ได้ แต่ต้องล็อกอินก่อน ::
  ล็อกอิน

รายการสื่อสารสนเทศ

ลำดับที่ ประเภท เลขเรียก/บาร์โค้ด สถานที่ สถานะ
- ไม่พบข้อมูล -

รายการใกล้เคียง
    ผู้แต่ง [จุฑามาศ ไรท์]

    หัวเรื่อง [ท่องเที่ยว]
    หัวเรื่อง [เด็ก]

BibComment


ยังไม่เคยถูกคอมเมนท์

คอมเมนท์ทรัพยากรรายการนี้
  คอมเมนท์: กระเตงลูกอ่อนตะลอ..


 Copyright 2026. Bcnsprnw @Library